000
00324nam a2200133Ia 4500
008
150201s2009 xx 000 0 und d
082
_a
616.07
_b
W09G
100
_a
GREER,JOHN P
245
_a
WINTROB'S CLINICAL HEMATOLOGY-II
250
_a
10TH
260
_b
WOLTERKULWER
_a
DELHI
_c
2009
650
_a
PATHOLOGY
942
_2
ddc
_c
BK
999
_c
731
_d
731